| 000 | 00883nam a2200241 a 4500 | ||
|---|---|---|---|
| 001 | 000027013 | ||
| 003 | DO-SdBNP | ||
| 005 | 20250618094650.0 | ||
| 008 | 110328t1945 dr ac r 001 0bspa d | ||
| 040 |
_aDO-SdBNP _bspa _cBNPHU |
||
| 082 |
_a923.17293 _bT866F |
||
| 100 | 1 |
_aFernández Mato, Ramón, _d1889-1980 _954115 |
|
| 245 | 1 | 0 |
_aTrujillo, o, La transfiguración dominicana / _cRamón Fernández Mato ; epílogo Pedro González-Blanco. |
| 246 | 1 | 3 | _aLa transfiguración dominicana |
| 260 |
_aMéxico : _bGalatea, _c1945. |
||
| 300 |
_a2 v. : _bil., retrs. ; _c23 cm. |
||
| 500 | _aIncluye referencias bibliográfíicas y notas al pie de las páginas. | ||
| 590 | _aInventariado, 2019/BT | ||
| 600 | 1 | 0 |
_aTrujillo Molina, Rafael Leónidas, _d 1891-1961 _976764 |
| 700 | 1 |
_aGonzález-Blanco, Pedro _944950 |
|
| 910 | _aValidado. Control de calidad. EMS | ||
| 942 |
_2ddc _cLBS1 |
||
| 999 |
_c26505 _d26505 |
||